| 000 | 00350nam a2200133Ia 4500 | ||
|---|---|---|---|
| 008 | 230917s9999||||xx |||||||||||||| ||und|| | ||
| 040 |
_e120774 _aMAIN |
||
| 041 | _aEnglish | ||
| 082 | _a515.33 P192E | ||
| 100 | _aPandey, R K | ||
| 245 | 0 | _aEncyclopaedia of Differential Calculus. 2V | |
| 260 |
_aNew Delhi _bAnmol Publications _c2009 |
||
| 942 | _cBK | ||
| 999 |
_c142455 _d142455 |
||